000 00797nas a2200241 4500
001 BR8704506
003 BR-BrBNA
005 20231205090710.0
007 ta
008 230509b bl.|||p| |||| 00| 00por d
040 _aBR-BrBNA
_bpor
_cBiblioteca Nacional de Agricultura
041 _a(Pt)
072 _aF70; F50
100 1 _aMelhem, T.S.
100 1 _aBissa, W.M.
245 1 _aFlora polinica da reserva do Parque Estadual das Fontes do Ipiranga (Sao Paulo, Brasil)familias: 58-Caricaceae, 70-Styracaceae e 76-Cunoniaceae
650 _aFLORA
650 _aTAXONOMIA VEGETAL
650 _aPARQUE ESTADUAL DAS FONTES DO IPIRANGA
773 0 _tHoehnea (Brazil)
_xISSN 0073-0912
_g(Dec 1984), v. 11 p. 9-12
_wBR8704506
909 _a202311
_bLúcia
_c55
_dLúcia Elande
942 _2AGRIS
_n0
_cANA
999 _c120331
_d120331